|
|
|
|
| LEADER |
01100nam a2200265 a 4500 |
| 001 |
GR-Patra12388 |
| 008 |
000121r19971990gr g 000 1 gre|c |
| 020 |
|
|
|a 9607021711
|
| 040 |
|
|
|a GrPaTEI
|b gre
|c GR-PaULI
|
| 084 |
|
|
|a Μ
|
| 100 |
1 |
|
|a Mahfouz, Najib,
|d 1911-2006.
|
| 240 |
1 |
0 |
|a Bidaya wa nihaya.
|l Ελληνικά
|
| 245 |
1 |
2 |
|a Η αρχή και το τέλος /
|c Ναγκίμπ Μαχφούζ ; μετάφραση Αχμέντ Έτμαν.
|
| 250 |
|
|
|a 4η ανατ.
|
| 260 |
|
|
|a Αθήνα :
|b Ψυχογιός,
|c 1997, c1990.
|
| 300 |
|
|
|a 414 σ. ;
|c 21 εκ.
|
| 490 |
0 |
|
|a Μεγάλοι σύγχρονοι λογοτέχνες
|
| 500 |
|
|
|a Μετάφραση του: Bidaya wa nihaya.
|
| 650 |
|
4 |
|a Μυθιστόρημα
|
| 650 |
|
4 |
|a Ξένη λογοτεχνία
|
| 700 |
1 |
|
|a Etman, Ahmed
|e μεταφραστής.
|
| 942 |
|
|
|2 ddc
|
| 952 |
|
|
|0 0
|1 0
|2 ddc
|4 0
|6 Μ_ΜΑΗ
|7 0
|9 291946
|a LISK
|b LISK
|c BSC
|d 2021-01-17
|e 24
|f 1
|g 0.00
|l 0
|o Μ ΜΑΗ
|p 92410014273
|r 2021-01-17 00:00:00
|t 1
|w 2021-01-17
|y BK15
|x 20000121 0 1
|x GrPaTEI
|
| 971 |
|
|
|a .b2659903x
|b 15-04-20
|c 23-09-16
|
| 999 |
|
|
|c 170581
|d 170581
|